Zweiergruppen #2 - Statistiken

Allgemein
  • Dieses Quiz wurde 4.935 mal gespielt
    4.877 seit der letzten Aktualisierung
  • Das Durchschnittsergebnis liegt bei 20 aus 40
Antwortstatistiken
Kategorie Antwort % Korrekt
Größte italienische Inseln Sizilien
88%
Wichtigste Feste des Christentums Ostern
86%
Unterarmknochen Ulna
86%
Wichtigste Feste des Christentums Weihnachten
86%
Älteste englische Universitäten Oxford
85%
Nationaltiere Australiens Känguru
83%
Arten von Bäumen Immergrün
81%
Arten von Bäumen Laubabwerfend
79%
Fußballmannschaften, die im "El Clásico" gegeneinander antreten FC Barcelona
77%
Autoren des Kommunistischen Manifests Karl Marx
76%
Unterarmknochen Radius
76%
Fußballmannschaften, die im "El Clásico" gegeneinander antreten Real Madrid
76%
Arten von Elefanten (Gattung) Afrikanischer
74%
Arten von Elefanten (Gattung) Asiatischer
74%
Größte italienische Inseln Sardinien
74%
Größte Berge in Afrika Kilimandscharo
70%
Älteste englische Universitäten Cambridge
60%
Autoren des Kommunistischen Manifests Friedrich Engels
50%
Doppelte Binnenländer Liechtenstein
50%
Hauptstädte Boliviens La Paz
49%
Größte Zweige des Islam Sunniten
49%
Größte Zweige des Islam Schiiten
48%
Die einflussreichsten altenchinesischen Philosophen Konfuzius
46%
Hauptstädte Boliviens Sucre
40%
Nationaltiere Australiens Emu
38%
Mitglieder von Wham! George Michael
34%
Biersorten Lager
32%
Biersorten Ale
31%
Geschlechtsorgane einer Blume Stempel
30%
Doppelte Binnenländer Usbekistan
30%
Die ersten Personen, die den Everest erklimmt haben Edmund Hillary
25%
Asteroidenfilme von 1998 Armageddon
22%
Die einflussreichsten altenchinesischen Philosophen Lao Tse
20%
Die verfeindeten Familien von Romeo und Julia Capulets
19%
Die ersten Personen, die den Everest erklimmt haben Tenzing Norgay
19%
Die verfeindeten Familien von Romeo und Julia Montagues
17%
Größte Berge in Afrika Kenya
12%
Asteroidenfilme von 1998 Deep Impact
9%
Mitglieder von Wham! Andrew Ridgeley
5%
Geschlechtsorgane einer Blume Staubblatt
5%
Keine übereinstimmenden Quizze gefunden
Verteilung der Resultate
Anzahl Personen mit jedem Resultat
Perzentil nach korrekt beantworteten Fragen
Ihre Resultats-Entwicklung
Sie haben dieses Quiz seit der letzten Aktualisierung nicht gespielt